Christian Missions in Mid India (Record no. 4086)

MARC details
000 -LEADER
fixed length control field 00620nam a2200253 a 4500
020 ## - INTERNATIONAL STANDARD BOOK NUMBER
ISBN
082 00 - DEWEY DECIMAL CLASSIFICATION NUMBER
Classification number 275.4
Author Cutter PIC
100 ## - MAIN ENTRY--AUTHOR NAME
Author name Pickett, J W
245 ## - TITLE STATEMENT
Title Christian Missions in Mid India
260 ## - PUBLICATION, DISTRIBUTION, ETC. (IMPRINT)
Place of publication Jabalpur
Name of publisher Mission Press
Year of publication 1938
300 ## - PHYSICAL DESCRIPTION
Number of Pages 111p
500 ## - GENERAL NOTE
General note includes index and biblioraphy
505 2# - FORMATTED CONTENTS NOTE
Formatted contents note cisrs social research series no.11
650 ## - SUBJECT ADDED ENTRY--TOPICAL TERM
Topical Term Church-India
942 ## - ADDED ENTRY ELEMENTS (KOHA)
Koha item type Books
700 1# -
-- D A Mcgavrans
700 1# -
-- G H Singh
Holdings
Collection code Home library Current library Date acquired Cost, normal purchase price Full call number Accession Number Koha item type
  Henry Martyn Institute Library Henry Martyn Institute Library 03/02/2012 14.00 275.4 PIC 06998 Books
                   Copyright © 2026 | Henry Martyn Institute | Hyderabad | TS-500052 | INDIA | Implemented by hmi.edu.in
Hit-Count:

Powered by Koha